[Event "ÕÕÕII Nezhmetdinov Memorial"]
[Site "?"]
[Date "2010.06.03"]
[Round "4.15"]
[White "Vasenev, Sergey"]
[Black "Ulanov, Sergei"]
[Result "0-1"]
[WhiteElo "2284"]
[BlackElo "2145"]
[PlyCount "110"]
[EventDate "2010.06.01"]
[SourceDate "2010.06.04"]

1. d4 d5 2. Nf3 Nf6 3. c4 e6 4. e3 Be7 5. Bd3 O-O 6. O-O c5 7. dxc5 Bxc5 8. a3
Nc6 9. b4 Be7 10. Bb2 a6 11. Qc2 h6 12. Rd1 Bd7 13. Nbd2 Rc8 14. Qb3 dxc4 15.
Nxc4 Qc7 16. Rac1 Rfd8 17. e4 Be8 18. e5 Nd5 19. Bb1 b5 20. Qc2 g6 21. Ncd2 a5
22. bxa5 Qxa5 23. Qb3 Qa4 24. Qd3 Na5 25. Bc2 Qg4 26. Qe4 Nf4 27. g3 Rxc2 28.
Rxc2 Rxd2 29. Nxd2 Qxd1+ 30. Nf1 Nh3+ 31. Kg2 Ng5 32. Ne3 Nxe4 33. Nxd1 Nc4 34.
a4 Nxb2 35. Nxb2 Nc5 36. axb5 Bxb5 37. h4 g5 38. hxg5 hxg5 39. Kf3 Kg7 40. Kg4
Kg6 41. f4 Bc6 42. Nc4 Ba4 43. Rd2 Ne4 44. Rd4 Bd1+ 45. Kh3 Bf3 46. Nd2 Nf2+
47. Kh2 Bd5 48. Ra4 Bc5 49. Nc4 Ne4 50. Nb2 gxf4 51. gxf4 Kf5 52. Nd3 Be3 53.
Kh3 Bxf4 54. Nxf4 Kxf4 55. Ra7 Kxe5 0-1

[Event "ÕÕÕII Nezhmetdinov Memorial"]
[Site "?"]
[Date "2010.06.03"]
[Round "4.14"]
[White "Baraeva, Marina"]
[Black "Gubaydulin, Talgat"]
[Result "1/2-1/2"]
[WhiteElo "2102"]
[BlackElo "2298"]
[PlyCount "78"]
[EventDate "2010.06.01"]
[SourceDate "2009.11.20"]

1. d4 g6 2. c4 Bg7 3. Nc3 c5 4. Nf3 cxd4 5. Nxd4 Nc6 6. Nf3 d6 7. e4 Nf6 8. Be2
O-O 9. O-O b6 10. Be3 Bb7 11. Qd2 Rc8 12. b3 Nb8 13. Bd3 Nbd7 14. Rad1 Nc5 15.
Qc2 Ng4 16. Bd2 Qd7 17. h3 Nf6 18. Rfe1 Nxd3 19. Qxd3 Qe8 20. Nd5 Nd7 21. Bg5
f6 22. Bc1 Qf7 23. Nd4 a6 24. Qe3 e6 25. Nc3 Rfe8 26. Qg3 Bf8 27. Bb2 Nc5 28.
Re2 Ba8 29. h4 Kh8 30. Kh2 Rcd8 31. Kh1 e5 32. Nf3 Ne6 33. Nd5 Bxd5 34. cxd5
Nf4 35. Rc2 Bg7 36. Rc6 h6 37. Nd2 b5 38. Rxa6 f5 39. f3 Bf6 1/2-1/2

[Event "ÕÕÕII Nezhmetdinov Memorial"]
[Site "?"]
[Date "2010.06.03"]
[Round "4.16"]
[White "Talov, Nikita"]
[Black "Dimukhametov, Artur"]
[Result "0-1"]
[WhiteElo "2087"]
[BlackElo "2278"]
[PlyCount "132"]
[EventDate "2010.06.01"]
[SourceDate "2010.06.04"]

1. e4 c5 2. Nf3 e6 3. d4 cxd4 4. Nxd4 a6 5. Nc3 Bc5 6. Be3 Ba7 7. Be2 Ne7 8.
O-O O-O 9. a4 d6 10. Kh1 Qc7 11. Qd2 Nbc6 12. Rad1 Ne5 13. b3 Bc5 14. Nb1 N5g6
15. c3 d5 16. Qc2 b6 17. exd5 Nxd5 18. Bf3 Bb7 19. c4 Ndf4 20. Bxb7 Qxb7 21.
Bxf4 Nxf4 22. Nf3 g5 23. Nc3 f5 24. Ne2 Nxg2 25. Kxg2 g4 26. Qc3 Rf7 27. Rg1
Rg7 28. Nf4 Qe4 29. Nh5 Rg6 30. Rde1 Bd4 31. Rxe4 gxf3+ 32. Kf1 Bxc3 33. Re3
Rd8 34. Rxg6+ hxg6 35. Rxf3 Be5 36. Ng3 Kf7 37. Kg2 Rd2 38. Ne4 Re2 39. Ng5+
Kf6 40. Nh7+ Ke7 41. Rd3 Bd6 42. Nf8 g5 43. Ng6+ Kd7 44. h4 gxh4 45. Nxh4 Kc7
46. Kf3 Rb2 47. Re3 Bc5 48. Rxe6 Rxf2+ 49. Kg3 Rb2 50. Nxf5 Rxb3+ 51. Kf4 Ra3
52. Ke4 Rxa4 53. Kd5 Ra1 54. Rg6 Rd1+ 55. Ke4 a5 56. Rg3 a4 57. Rd3 Rc1 58. Kd5
a3 59. Rd2 Bb4 60. Ra2 Rd1+ 61. Ke4 Rd2 62. Ra1 Bc5 63. Ng7 Kd6 64. Nf5+ Kc6
65. Ke5 Re2+ 66. Kf4 Rc2 0-1

[Event "ÕÕÕII Nezhmetdinov Memorial"]
[Site "?"]
[Date "2010.06.03"]
[Round "4.17"]
[White "Bushkov, Alexander V."]
[Black "Bezgodova, Svetlana"]
[Result "0-1"]
[WhiteElo "2266"]
[BlackElo "2112"]
[PlyCount "108"]
[EventDate "2010.06.01"]
[SourceDate "2010.06.04"]

1. e4 e5 2. Nf3 Nc6 3. Bb5 a6 4. Ba4 Nf6 5. O-O Be7 6. Re1 b5 7. Bb3 d6 8. c3
O-O 9. h3 Na5 10. Bc2 c5 11. d4 Bb7 12. Nbd2 cxd4 13. cxd4 exd4 14. Nxd4 Re8
15. Nf1 Bf8 16. Ng3 g6 17. Bg5 h6 18. Bf4 Nc4 19. b3 Ne5 20. Qd2 Kh7 21. a4
bxa4 22. Rxa4 Ned7 23. f3 Rc8 24. Kh1 Nc5 25. Ra2 Bg7 26. b4 Ncd7 27. Bxd6 Qb6
28. Nb3 Nd5 29. Bc5 Nxc5 30. bxc5 Qb4 31. Qf2 Nc3 32. Raa1 Red8 33. Na5 Ba8 34.
Nb3 Na4 35. Rad1 Bc3 36. Rf1 Bc6 37. f4 Bb5 38. Rxd8 Rxd8 39. Rd1 Rxd1+ 40.
Bxd1 Be1 41. Qe3 Qc3 42. Nf1 Bxf1 43. Qxc3 Nxc3 44. c6 Nb5 45. Kg1 Bd3 46. Nc5
Bb1 47. Bb3 Kg7 48. Nxa6 Bxe4 49. c7 Bb7 50. Nc5 Bc8 51. Ne4 Nxc7 52. Bxf7 Kxf7
53. Nd6+ Ke6 54. Nxc8 Ba5 0-1

[Event "ÕÕÕII Nezhmetdinov Memorial"]
[Site "?"]
[Date "2010.06.03"]
[Round "4.18"]
[White "Tokarev, Ilya"]
[Black "Zaynutdinov, Iskander"]
[Result "1-0"]
[WhiteElo "2257"]
[BlackElo "1986"]
[PlyCount "53"]
[EventDate "2010.06.01"]
[SourceDate "2010.06.04"]

1. c4 e5 2. Nc3 d6 3. Nf3 f5 4. d4 e4 5. Bg5 Be7 6. Bxe7 Nxe7 7. Nd2 O-O 8. e3
c6 9. Qb3 Kh8 10. Be2 Nd7 11. f4 exf3 12. Bxf3 Nf6 13. d5 cxd5 14. Nxd5 Nexd5
15. cxd5 Qa5 16. Qc3 Qxc3 17. bxc3 Re8 18. Nc4 Ne4 19. Bxe4 Rxe4 20. Nxd6 Rxe3+
21. Kd2 Re7 22. Rae1 Be6 23. c4 Rd8 24. Rxe6 Rxe6 25. Nf7+ Kg8 26. Nxd8 Ra6 27.
Nxb7 1-0

[Event "ÕÕÕII Nezhmetdinov Memorial"]
[Site "?"]
[Date "2010.06.03"]
[Round "4.19"]
[White "Poniaev, Ruslan"]
[Black "Faizrakhmanov, Ilmir"]
[Result "1-0"]
[WhiteElo "2256"]
[BlackElo "1912"]
[PlyCount "57"]
[EventDate "2010.06.01"]
[SourceDate "2010.06.04"]

1. d4 d5 2. c4 c6 3. Nf3 Nf6 4. e3 e6 5. b3 Nbd7 6. Bb2 Bd6 7. Nbd2 O-O 8. Bd3
Qe7 9. Qc2 h6 10. Ne5 Bc7 11. Ndf3 dxc4 12. Nxc4 b6 13. O-O Bb7 14. e4 c5 15.
Qe2 cxd4 16. Nxd4 Nc5 17. Ba3 Bxe4 18. Bxe4 Bxh2+ 19. Kxh2 Qc7+ 20. Kg1 Nfxe4
21. Rac1 Rfd8 22. Rfd1 Rd5 23. b4 Qf4 24. bxc5 Rh5 25. Qf3 Qh4 26. g3 Qh2+ 27.
Kf1 Nxf2 28. Qxa8+ Kh7 29. Qg2 1-0

[Event "ÕÕÕII Nezhmetdinov Memorial"]
[Site "?"]
[Date "2010.06.03"]
[Round "4.21"]
[White "Pokudov, Zakhar"]
[Black "Shabalin, Evgeny"]
[Result "0-1"]
[WhiteElo "1794"]
[BlackElo "2233"]
[PlyCount "138"]
[EventDate "2010.06.01"]
[SourceDate "2010.06.04"]

1. e4 e5 2. Nf3 Nc6 3. Bb5 a6 4. Ba4 Nf6 5. O-O Be7 6. Re1 b5 7. Bb3 d6 8. h3
O-O 9. c3 Nb8 10. d4 Nbd7 11. Nbd2 Bb7 12. Bc2 Re8 13. Nf1 Bf8 14. Ng3 g6 15.
b3 c6 16. Bb2 Bg7 17. Rb1 Qc7 18. c4 Rad8 19. d5 cxd5 20. cxd5 Rc8 21. Rc1 Bh6
22. Bb1 Bxc1 23. Bxc1 Kg7 24. Nh4 Nf8 25. Qd2 Ng8 26. Qg5 f6 27. Qg4 Kh8 28.
Bd2 Qc5 29. Rf1 Rc7 30. Kh2 Bc8 31. Qe2 Nd7 32. Be3 Qb4 33. Bd2 Qa3 34. Be3 Nc5
35. Qd2 b4 36. f4 Qa5 37. f5 g5 38. Nf3 Qb5 39. Rh1 a5 40. Kg1 h6 41. h4 Rh7
42. hxg5 hxg5 43. Rxh7+ Kxh7 44. Qd1 Re7 45. Nd2 Ba6 46. Nc4 Nb7 47. Bd3 Qe8
48. Nxd6 Nxd6 49. Bxa6 Rc7 50. Bb6 Rc3 51. Ne2 Qb8 52. Bf2 Rc7 53. Ng3 Kg7 54.
Nh5+ Kf7 55. Ng3 Kf8 56. Kh2 Rh7+ 57. Kg1 Qc7 58. Bf1 Rh4 59. Qe2 Rf4 60. Be3
Rh4 61. Bf2 Nh6 62. Qa6 Ng4 63. Bb6 Qh7 64. Be2 Rh1+ 65. Nxh1 Qh2+ 66. Kf1
Qxh1+ 67. Bg1 Nh2+ 68. Kf2 Nxe4+ 69. Ke3 Qxg1+ 0-1

[Event "ÕÕÕII Nezhmetdinov Memorial"]
[Site "?"]
[Date "2010.06.03"]
[Round "4.22"]
[White "Pridorozhni, Aleksei"]
[Black "Fedotov, Ivan"]
[Result "1-0"]
[WhiteElo "2554"]
[BlackElo "2078"]
[PlyCount "75"]
[EventDate "2010.06.01"]
[SourceDate "2010.06.04"]

1. e4 c6 2. Nc3 d5 3. Nf3 Bg4 4. h3 Bxf3 5. Qxf3 e6 6. d3 Nf6 7. g3 Be7 8. Bg2
Nbd7 9. Qe2 O-O 10. O-O d4 11. Nb1 e5 12. Nd2 b5 13. f4 Bd6 14. Qf2 c5 15. b3
Qc7 16. a4 a6 17. f5 Rfc8 18. g4 Nf8 19. Bf3 Ne8 20. g5 Be7 21. Qg3 f6 22. h4
Nd6 23. Be2 Qd8 24. Nf3 Nf7 25. Kh1 Kh8 26. Rg1 Nd7 27. gxf6 Bxf6 28. Ng5 Qe7
29. Bh5 Nd8 30. Be2 c4 31. dxc4 bxc4 32. Bxc4 Rxc4 33. bxc4 Nb6 34. Qg4 Nxc4
35. Qh5 h6 36. Qg6 hxg5 37. hxg5 Qb7 38. Qe8+ 1-0

[Event "ÕÕÕII Nezhmetdinov Memorial"]
[Site "?"]
[Date "2010.06.03"]
[Round "4.23"]
[White "Yarullina, Alina"]
[Black "Ibraev, Vasilij"]
[Result "1-0"]
[WhiteElo "2048"]
[BlackElo "2258"]
[PlyCount "81"]
[EventDate "2010.06.01"]
[SourceDate "2010.06.04"]

1. e4 c5 2. d3 g6 3. g3 Bg7 4. Bg2 e6 5. c4 Ne7 6. Nc3 Nbc6 7. Nge2 O-O 8. O-O
a6 9. Rb1 Rb8 10. Be3 Nd4 11. b4 d6 12. f4 Bd7 13. bxc5 dxc5 14. e5 Bc6 15. Ne4
Bxe4 16. Bxe4 Nxe2+ 17. Qxe2 Qc7 18. Qf2 Rfc8 19. Rfc1 Bf8 20. d4 cxd4 21. Bxd4
Nc6 22. Bb6 Qe7 23. Rb3 Qe8 24. c5 Be7 25. Rd3 Nb4 26. Rd4 Nc6 27. Rd2 Nb4 28.
a3 Nd5 29. Bxd5 exd5 30. Rxd5 Rc6 31. a4 Rbc8 32. a5 Bf8 33. Qd4 Be7 34. Kg2
Bf8 35. Rd7 Qe6 36. Rxb7 Rxc5 37. Rxc5 Bxc5 38. Qd7 Qxd7 39. Rxd7 Bxb6 40. axb6
a5 41. Rc7 1-0

[Event "ÕÕÕII Nezhmetdinov Memorial"]
[Site "?"]
[Date "2010.06.03"]
[Round "4.24"]
[White "Vaseptsov, Maxim"]
[Black "Faizrakhmanov, Ramil"]
[Result "1-0"]
[WhiteElo "2197"]
[BlackElo "1957"]
[PlyCount "77"]
[EventDate "2010.06.01"]
[SourceDate "2010.06.04"]

1. e4 c6 2. d4 d5 3. e5 Bf5 4. Nd2 e6 5. Nb3 Nd7 6. Nf3 Ne7 7. Be2 Bg6 8. O-O
Nf5 9. Bd2 h5 10. c4 dxc4 11. Na5 b5 12. Nxc6 Qc7 13. d5 exd5 14. Ncd4 Nxd4 15.
Nxd4 Bc5 16. Nxb5 Qc6 17. Nd6+ Bxd6 18. exd6 Qxd6 19. Bc3 Qc6 20. Qd4 Nf6 21.
Bb4 Kd7 22. Rac1 Rae8 23. Rxc4 Re4 24. Rxc6 Rxd4 25. Rd6+ Ke7 26. Ba3 Rd8 27.
Rxd5+ Ke6 28. Ra5 Nd5 29. Re1 Re4 30. f3 Re5 31. Kf2 Kf6 32. b3 Ke6 33. Ra6+
Nb6 34. f4 Re4 35. Bc4+ Kf5 36. Ra5+ Kf6 37. Bb2+ Ke7 38. Rxe4+ Bxe4 39. Re5+
1-0

[Event "ÕÕÕII Nezhmetdinov Memorial"]
[Site "?"]
[Date "2010.06.03"]
[Round "4.25"]
[White "Baraeva,  Irina"]
[Black "Husnullin, Ramil"]
[Result "1-0"]
[WhiteElo "2061"]
[BlackElo "2196"]
[PlyCount "105"]
[EventDate "2010.06.01"]
[SourceDate "2010.06.04"]

1. d4 Nf6 2. c4 g6 3. Nc3 Bg7 4. e4 d6 5. Nf3 O-O 6. Be2 e5 7. Be3 Ng4 8. Bg5
f6 9. Bh4 Nc6 10. d5 Ne7 11. O-O Kh8 12. b4 a5 13. a3 axb4 14. axb4 Rxa1 15.
Qxa1 g5 16. Bg3 f5 17. Nxg5 f4 18. Bh4 Bf6 19. Nf3 Bxh4 20. Nxh4 Nxd5 21. Nxd5
Qxh4 22. Bxg4 Qxg4 23. f3 Qg7 24. Qe1 Bh3 25. Qe2 Rg8 26. Rf2 Ra8 27. Rf1 Ra4
28. Kh1 Be6 29. Qc2 Qd7 30. b5 Ra5 31. Nxf4 Bf7 32. Nd3 c6 33. Qc3 Ra4 34. Nb2
Ra2 35. f4 Qe6 36. h3 cxb5 37. fxe5 Qxe5 38. Qxe5+ dxe5 39. Rxf7 Rxb2 40. Rxb7
b4 41. Kh2 b3 42. Kg3 Rc2 43. Rxb3 Rxc4 44. Kf3 Kg7 45. Rb7+ Kg6 46. Re7 Rc5
47. Kg4 Rb5 48. Re6+ Kg7 49. h4 Kf7 50. Kf5 h5 51. Rh6 Rb2 52. Rf6+ Ke7 53. Rg6
1-0

[Event "ÕÕÕII Nezhmetdinov Memorial"]
[Site "?"]
[Date "2010.06.03"]
[Round "4.26"]
[White "Terentyev, Vitaly"]
[Black "Kamov, Igor"]
[Result "1/2-1/2"]
[WhiteElo "2000"]
[BlackElo "2179"]
[PlyCount "92"]
[EventDate "2010.06.01"]
[SourceDate "2010.06.04"]

1. d4 Nf6 2. c4 c5 3. d5 e6 4. Nc3 exd5 5. cxd5 d6 6. Nf3 g6 7. Nd2 Nbd7 8. e4
a6 9. a4 Bg7 10. Be2 O-O 11. O-O Re8 12. Qc2 Qc7 13. Nc4 Nb6 14. Ne3 Qe7 15.
Bf3 Nbd7 16. Nc4 Ne5 17. Nxe5 Qxe5 18. g3 Bg4 19. Bg2 Bd7 20. a5 Bb5 21. Bf4
Qe7 22. Rfe1 Ng4 23. Nxb5 axb5 24. Qe2 Ne5 25. Qxb5 c4 26. Bxe5 Qxe5 27. Qxc4
Qxb2 28. Rab1 Qd2 29. Red1 Qxa5 30. Rxb7 Rec8 31. Qb5 Qa3 32. Qd7 Rf8 33. Qg4
Qa2 34. Qf4 Qa6 35. Rdb1 Bd4 36. R7b4 Qa2 37. Bh3 Bc5 38. R4b2 Qc4 39. Bf1 Qc3
40. Rb3 Qd4 41. Rd3 Qg7 42. Bh3 Ra2 43. Rf3 Re2 44. Bf1 Rb2 45. Rxb2 Qxb2 46.
Qf6 Qxf6 1/2-1/2

[Event "ÕÕÕII Nezhmetdinov Memorial"]
[Site "?"]
[Date "2010.06.03"]
[Round "4.27"]
[White "Bibilashvili, Anna"]
[Black "Riazanov, Alexey"]
[Result "1/2-1/2"]
[WhiteElo "1920"]
[BlackElo "2114"]
[PlyCount "116"]
[EventDate "2010.06.01"]
[SourceDate "2010.06.04"]

1. e4 e6 2. d4 d5 3. Nd2 Nf6 4. e5 Nfd7 5. Bd3 c5 6. c3 Nc6 7. Ne2 Qb6 8. Nf3
Be7 9. O-O O-O 10. a3 f6 11. exf6 Bxf6 12. Rb1 cxd4 13. cxd4 e5 14. dxe5 Ndxe5
15. Nxe5 Bxe5 16. Qc2 h6 17. b4 Be6 18. Bb2 Rac8 19. Qd2 Bxb2 20. Qxb2 Bf5 21.
Rbd1 Rcd8 22. Ng3 Bxd3 23. Rxd3 Rf7 24. Rfd1 Rdf8 25. R1d2 Ne7 26. Nf1 Re8 27.
g3 Rf5 28. Ne3 Rg5 29. h4 Rh5 30. Nxd5 Nxd5 31. Rxd5 Rxd5 32. Rxd5 Re1+ 33. Kh2
Rf1 34. Kg2 Qc6 35. Qb3 Rc1 36. Qf3 Rc3 37. Rd8+ Kh7 38. Qxc6 bxc6 39. Rc8 Rxa3
40. Rxc6 Ra4 41. b5 Rb4 42. Ra6 Rxb5 43. Rxa7 Kg6 44. Re7 Kf6 45. Re4 g6 46.
Kf3 Rb3+ 47. Kf4 Rb5 48. f3 Rf5+ 49. Ke3 Ra5 50. g4 Ra3+ 51. Kf4 Ra5 52. Rb4
g5+ 53. hxg5+ hxg5+ 54. Ke4 Ra6 55. Rb5 Ra4+ 56. Ke3 Ra3+ 57. Kf2 Ra2+ 58. Kg3
Ra6 1/2-1/2

[Event "ÕÕÕII Nezhmetdinov Memorial"]
[Site "?"]
[Date "2010.06.03"]
[Round "4.28"]
[White "Zlachevskiy, Leonid"]
[Black "Gabaidulina, Olga"]
[Result "1-0"]
[WhiteElo "2111"]
[BlackElo "1857"]
[PlyCount "107"]
[EventDate "2010.06.01"]
[SourceDate "2010.06.04"]

1. e4 e5 2. Nf3 Nc6 3. d4 exd4 4. Nxd4 Bc5 5. Nxc6 Qf6 6. Qf3 Qxc6 7. Nc3 Nf6
8. Bb5 Qe6 9. O-O O-O 10. Ba4 Ng4 11. Bb3 Qg6 12. Bf4 c6 13. e5 d5 14. exd6
Bxd6 15. Rad1 Bxf4 16. Qxf4 Bf5 17. f3 Nf6 18. Rd2 Nh5 19. Qh4 Nf6 20. Rfd1
Rae8 21. Ne2 h6 22. g4 Re3 23. Nf4 Qg5 24. Ng2 Qxh4 25. Nxh4 Bh7 26. Kf2 Rfe8
27. Ng2 R3e7 28. h4 Kf8 29. Nf4 g5 30. hxg5 hxg5 31. Nh3 Re5 32. Kg3 Bg6 33. c4
Nh7 34. Rd7 R8e7 35. Rd8+ Kg7 36. R1d7 Re2 37. c5 R7e3 38. Rd2 Rxd2 39. Rxd2
Rd3 40. Rxd3 Bxd3 41. Kf2 f6 42. Ke3 Bg6 43. Be6 Nf8 44. Bc8 b6 45. cxb6 axb6
46. a3 Bf7 47. b4 Be6 48. Bb7 Bd7 49. a4 Ne6 50. a5 bxa5 51. bxa5 Nc5 52. a6
Nxa6 53. Bxa6 Be6 54. Bd3 1-0

[Event "ÕÕÕII Nezhmetdinov Memorial"]
[Site "?"]
[Date "2010.06.03"]
[Round "4.30"]
[White "Ulanov, Alexandr"]
[Black "Pavlov, Viktor"]
[Result "1-0"]
[WhiteElo "2364"]
[BlackElo "2033"]
[PlyCount "52"]
[EventDate "2010.06.01"]
[SourceDate "2010.06.04"]

1. Nf3 d5 2. d4 Nf6 3. c4 e6 4. e3 c6 5. Nbd2 Ne4 6. Nxe4 dxe4 7. Nd2 f5 8. Be2
Bd6 9. f4 exf3 10. Nxf3 O-O 11. O-O Nd7 12. c5 Bc7 13. Bc4 Nf6 14. Bd2 Nd5 15.
Qe2 Nf6 16. Be1 Ne4 17. Bh4 g5 18. Nxg5 Nxg5 19. Qh5 Qf6 20. Bxg5 Qg6 21. Qh4
Bd7 22. Rf3 Rf7 23. Bf4 Bd8 24. Qh3 Kf8 25. Rg3 Qf6 26. Bh6+ Ke8 1-0

[Event "ÕÕÕII Nezhmetdinov Memorial"]
[Site "?"]
[Date "2010.06.03"]
[Round "4.31"]
[White "Hamidullin, Aydar"]
[Black "Artemjev, Nikolay"]
[Result "1-0"]
[WhiteElo "2188"]
[BlackElo "2034"]
[PlyCount "76"]
[EventDate "2010.06.01"]
[SourceDate "2010.06.04"]

1. e4 c5 2. Nf3 d6 3. Bc4 e6 4. O-O Be7 5. c3 a6 6. a4 Nf6 7. d3 O-O 8. Bb3 h6
9. Re1 Nc6 10. Nbd2 b6 11. Nf1 Bb7 12. Ng3 b5 13. d4 Nh7 14. d5 Ne5 15. dxe6 c4
16. Nxe5 dxe5 17. exf7+ Rxf7 18. Qxd8+ Rxd8 19. Bc2 Bc5 20. Be3 Bxe3 21. Rxe3
Rd2 22. Re2 Rfd7 23. Kf1 Nf6 24. Ke1 R2d6 25. Nf5 Rb6 26. f3 b4 27. a5 bxc3 28.
axb6 cxb2 29. Rb1 c3 30. Bb3+ Kh7 31. Re3 g6 32. Ng3 Bd5 33. exd5 Nxd5 34. Rd3
Rb7 35. Rxd5 Rxb6 36. Bc2 Rc6 37. Ne2 Kg7 38. Rd3 e4 1-0

[Event "ÕÕÕII Nezhmetdinov Memorial"]
[Site "?"]
[Date "2010.06.03"]
[Round "4.32"]
[White "Abdullin, Renat"]
[Black "Safin, Ravgat"]
[Result "1-0"]
[WhiteElo "2135"]
[BlackElo "2000"]
[PlyCount "83"]
[EventDate "2010.06.01"]
[SourceDate "2010.06.04"]

1. b3 b6 2. Bb2 Bb7 3. Nf3 Nf6 4. d3 d6 5. Nbd2 e5 6. g3 Be7 7. Bg2 O-O 8. O-O
Qc8 9. d4 exd4 10. Nxd4 Bxg2 11. Kxg2 Nfd7 12. Kg1 Bf6 13. Ne4 Re8 14. Qd3 Qb7
15. Nxf6+ Nxf6 16. a4 Nbd7 17. a5 Qd5 18. Nb5 Qc6 19. c4 Nc5 20. Qc2 Nfe4 21.
f3 Ng5 22. e4 Nb7 23. a6 Nd8 24. Rad1 Re7 25. Nd4 Qc5 26. Kg2 Nge6 27. Nf5 Rd7
28. Rd5 Qc6 29. Bxg7 Nxg7 30. Nd4 Qc5 31. Rxc5 dxc5 32. Nf5 Nxf5 33. exf5 Nc6
34. Qe4 Rd6 35. Re1 Rad8 36. Qf4 f6 37. Re6 Nd4 38. Re7 Kf8 39. Rxh7 R6d7 40.
Qh6+ Ke8 41. Rxd7 Rxd7 42. Qxf6 1-0

[Event "ÕÕÕII Nezhmetdinov Memorial"]
[Site "?"]
[Date "2010.06.03"]
[Round "4.33"]
[White "Vafin, Ayrat"]
[Black "Borisov, Artur"]
[Result "1-0"]
[WhiteElo "2113"]
[BlackElo "1996"]
[PlyCount "109"]
[EventDate "2010.06.01"]
[SourceDate "2010.06.04"]

1. c4 Nf6 2. g3 g6 3. Bg2 Bg7 4. Nc3 O-O 5. e3 d6 6. Nge2 c6 7. d4 b6 8. O-O
Bb7 9. d5 c5 10. e4 e5 11. dxe6 fxe6 12. Bf4 e5 13. Bg5 Nc6 14. f4 Nd4 15. Nxd4
cxd4 16. Nd5 Bxd5 17. cxd5 Qd7 18. fxe5 dxe5 19. Qd3 h6 20. Bd2 a5 21. Rac1 Kh7
22. Rc6 b5 23. Qxb5 Rfb8 24. Qc5 Ne8 25. b3 Qa7 26. Qxa7 Rxa7 27. Bh3 Rd8 28.
Rc5 Rda8 29. Re1 Nd6 30. Bf1 Bf8 31. Rc6 Kg7 32. Bd3 Nf7 33. Rf1 Be7 34. Rfc1
Bb4 35. R1c2 Bd6 36. a4 Rb8 37. Bb5 Rbb7 38. Kg2 Rb8 39. Kf3 Rba8 40. Ke2 Rb8
41. Kd3 Rbb7 42. R2c4 Ba3 43. Re6 Bd6 44. Rc6 Rd7 45. Rc2 Re7 46. Rc6 Red7 47.
Kc4 g5 48. b4 axb4 49. Bxb4 Bxb4 50. Kxb4 Nh8 51. Rxe5 Rf7 52. Kc5 d3 53. Bxd3
Rxa4 54. d6 Ng6 55. Rd5 1-0

[Event "ÕÕÕII Nezhmetdinov Memorial"]
[Site "?"]
[Date "2010.06.03"]
[Round "4.34"]
[White "Mukhametgaleeva, Railia"]
[Black "Ivanov, Stepan"]
[Result "0-1"]
[WhiteElo "1932"]
[BlackElo "2099"]
[PlyCount "104"]
[EventDate "2010.06.01"]
[SourceDate "2010.06.04"]

1. d4 Nf6 2. Nc3 d5 3. Bg5 Nc6 4. Nf3 Bf5 5. e3 h6 6. Bh4 a6 7. Ne5 e6 8. g4
Bh7 9. f4 Nxe5 10. dxe5 g5 11. Bf2 Ne4 12. Nxe4 Bxe4 13. Rg1 Bc5 14. Qd2 f6 15.
O-O-O fxe5 16. Qc3 Qd6 17. fxg5 hxg5 18. Bg3 O-O-O 19. Bxe5 Qb6 20. Kb1 Bxe3
21. Rg3 d4 22. Qa3 Rhf8 23. Bd3 Bxd3 24. Qxd3 Qc5 25. Bg7 Rg8 26. Bf6 Rdf8 27.
Qh7 Re8 28. a3 Qc6 29. Bxd4 Bxd4 30. Rxd4 Rh8 31. Qg7 Qh1+ 32. Ka2 Qxh2 33. Rc3
Rhg8 34. Qf7 Rgf8 35. Qd7+ Kb8 36. Rdc4 Rc8 37. Qxe6 Rf1 38. Rb4 Qh1 39. Qxa6
Ra1+ 40. Kb3 Qd5+ 41. Qc4 Qd6 42. Rd3 Qf6 43. Qd5 Qa6 44. Qb5 Qe6+ 45. Ka4 b6
46. Qd5 Qe2 47. Kb3 Rc1 48. Qc6 Qxd3+ 49. c3 Qd1+ 50. Kc4 Qxg4+ 51. Kb5 Qe2+
52. c4 Qe8 0-1

[Event "ÕÕÕII Nezhmetdinov Memorial"]
[Site "?"]
[Date "2010.06.03"]
[Round "4.35"]
[White "Shkuro, Alexandr"]
[Black "Belova, Olga"]
[Result "0-1"]
[WhiteElo "2071"]
[BlackElo "1930"]
[PlyCount "92"]
[EventDate "2010.06.01"]
[SourceDate "2010.06.04"]

1. d4 Nf6 2. Nf3 e6 3. e3 Be7 4. c4 b6 5. Nc3 Bb7 6. Be2 d5 7. O-O O-O 8. b3 c5
9. cxd5 exd5 10. Bb2 Nbd7 11. Ne5 Rc8 12. Rc1 Re8 13. Bf3 Nf8 14. Qd3 Ne6 15.
Rfd1 cxd4 16. exd4 Ng5 17. Be2 a6 18. f3 Bd6 19. f4 Ne6 20. Qg3 b5 21. Nb1 Ne4
22. Qe3 Rxc1 23. Rxc1 f6 24. Nd3 Nxf4 25. Nxf4 Ng5 26. Qf2 Bxf4 27. Qxf4 Rxe2
28. Ba3 Ne6 29. Qg3 Rxa2 30. Qe3 Kf7 31. Re1 Qd7 32. Bb4 a5 33. Bd2 a4 34. bxa4
Rxa4 35. Bc3 Ng5 36. Nd2 Ra3 37. Nb1 Ra6 38. Rf1 Ne4 39. Bb4 Ra4 40. Qb3 Ra6
41. Nc3 Nd2 42. Qd1 Nxf1 43. Qxf1 Re6 44. Bc5 Ba6 45. Qb1 Re3 46. Qb3 Qe6 0-1

[Event "ÕÕÕII Nezhmetdinov Memorial"]
[Site "?"]
[Date "2010.06.03"]
[Round "4.36"]
[White "Volkov, Ilya"]
[Black "Malin, Denis"]
[Result "1-0"]
[WhiteElo "1919"]
[BlackElo "2068"]
[PlyCount "85"]
[EventDate "2010.06.01"]
[SourceDate "2010.06.04"]

1. d4 Nf6 2. Nf3 g6 3. g3 Bg7 4. Bg2 O-O 5. O-O d6 6. c4 c6 7. Nc3 Nbd7 8. Qc2
Qc7 9. Rd1 e5 10. e4 Re8 11. h3 exd4 12. Nxd4 a5 13. Be3 Nc5 14. Rab1 Qe7 15.
f3 Nfd7 16. Bf2 Ne5 17. b3 Na6 18. a3 Nc5 19. f4 Ned7 20. b4 axb4 21. axb4 Ne6
22. b5 Nxd4 23. Bxd4 Bxd4+ 24. Rxd4 d5 25. cxd5 Qc5 26. Qd2 Ra3 27. Rc1 Qa7 28.
dxc6 bxc6 29. bxc6 Nc5 30. Nb5 Qb6 31. Nxa3 Nb3 32. Qb4 Qxd4+ 33. Qxd4 Nxd4 34.
Kf2 f6 35. Nc4 Ba6 36. Nd6 Rd8 37. e5 fxe5 38. fxe5 Nf5 39. c7 Rf8 40. c8=Q
Bxc8 41. Rxc8 Ne7+ 42. Rxf8+ Kxf8 43. Ke3 1-0

[Event "ÕÕÕII Nezhmetdinov Memorial"]
[Site "?"]
[Date "2010.06.03"]
[Round "4.37"]
[White "Dogodkina, Julia"]
[Black "Galimzianova, Aliya"]
[Result "1-0"]
[WhiteElo "2066"]
[BlackElo "1908"]
[PlyCount "95"]
[EventDate "2010.06.01"]
[SourceDate "2010.06.04"]

1. e4 c5 2. Nf3 e6 3. d4 cxd4 4. Nxd4 a6 5. Nc3 Nc6 6. a3 Qc7 7. Be3 Nf6 8. g4
d6 9. g5 Nd7 10. f4 Be7 11. Bh3 b5 12. Bxe6 fxe6 13. Nxe6 Qb8 14. Nxg7+ Kf7 15.
Nf5 Nb6 16. Qh5+ Kf8 17. g6 Bxf5 18. Qxf5+ Ke8 19. Qf7+ Kd7 20. g7 Rg8 21.
O-O-O Nc4 22. Bc5 Qe8 23. Qf5+ Kc7 24. Nd5+ Kb8 25. b3 dxc5 26. bxc4 Rxg7 27.
Nb6 Ra7 28. Nd7+ Ka8 29. Qd5 Qxd7 30. Qxd7 Rxd7 31. Rxd7 Bf8 32. Rxg7 Bxg7 33.
cxb5 axb5 34. Kd2 Bh6 35. Rf1 Ne5 36. Kc3 Nc4 37. a4 Nd6 38. e5 b4+ 39. Kd3 c4+
40. Kd4 Nf5+ 41. Ke4 Ne7 42. Rf3 Kb7 43. Rh3 Bf8 44. Rxh7 b3 45. cxb3 cxb3 46.
Kd3 Ka6 47. Rf7 Nd5 48. Rxf8 1-0

[Event "ÕÕÕII Nezhmetdinov Memorial"]
[Site "?"]
[Date "2010.06.03"]
[Round "4.38"]
[White "Semenova, Anastasia"]
[Black "Beliaev, Vasily"]
[Result "1/2-1/2"]
[WhiteElo "1898"]
[BlackElo "2064"]
[PlyCount "83"]
[EventDate "2010.06.01"]
[SourceDate "2010.06.04"]

1. e4 e5 2. Nf3 Nc6 3. Bb5 f5 4. d3 fxe4 5. dxe4 Nf6 6. Nc3 Bb4 7. O-O Bxc3 8.
bxc3 d6 9. Qd3 a6 10. Bxc6+ bxc6 11. Qc4 Bd7 12. Ng5 d5 13. exd5 cxd5 14. Qc5
e4 15. Re1 Qe7 16. Qxe7+ Kxe7 17. Ba3+ Ke8 18. Rab1 h6 19. Nf3 Bb5 20. Nd4 Kf7
21. f3 Rhb8 22. Bc5 Nd7 23. Ba3 c5 24. Nf5 Ba4 25. fxe4 Bxc2 26. Rbc1 Bxe4 27.
Nd6+ Kg8 28. Nxe4 dxe4 29. Rxe4 Rb5 30. Rd1 Nf6 31. Ra4 Rab8 32. Rxa6 Ne4 33.
h3 Nxc3 34. Rd2 Ne4 35. Rd7 R5b7 36. Rxb7 Rxb7 37. Re6 Ng5 38. Re5 c4 39. Rc5
Ra7 40. Bc1 Rxa2 41. Bxg5 hxg5 42. Rxc4 1/2-1/2

[Event "ÕÕÕII Nezhmetdinov Memorial"]
[Site "?"]
[Date "2010.06.03"]
[Round "4.39"]
[White "Khazieva, Elza"]
[Black "Sannikov, Grigory"]
[Result "1/2-1/2"]
[WhiteElo "1796"]
[BlackElo "2059"]
[PlyCount "94"]
[EventDate "2010.06.01"]
[SourceDate "2010.06.04"]

1. e4 c5 2. Nf3 Nc6 3. d4 cxd4 4. Nxd4 Nf6 5. Nc3 d6 6. Be2 a6 7. Be3 e6 8. O-O
Be7 9. Kh1 O-O 10. f4 Qc7 11. a4 Na5 12. f5 Nc4 13. Bc1 Re8 14. Qd3 Ne5 15. Qg3
Kh8 16. Bf4 Nc4 17. Bc1 Bf8 18. fxe6 fxe6 19. Bg5 Be7 20. Bxc4 Qxc4 21. Rad1
Qb4 22. e5 dxe5 23. Qxe5 Bd6 24. Qe1 Ng4 25. Nf5 Be5 26. h3 exf5 27. hxg4 Qxg4
28. Qxe5 Qh5+ 29. Qh2 Qxg5 30. Nd5 Re6 31. Rfe1 Rxe1+ 32. Rxe1 Bd7 33. Nb6 Re8
34. Rxe8+ Bxe8 35. a5 h6 36. Qb8 Qe7 37. Nc8 Qe1+ 38. Kh2 Kh7 39. Qxb7 Bb5 40.
Qf7 Qe5+ 41. Kh1 Qe1+ 42. Kh2 Qh4+ 43. Kg1 Qe1+ 44. Kh2 Qe5+ 45. Kh1 Be8 46.
Qf8 Bc6 47. Ne7 Qe1+ 1/2-1/2